Statistics for The 10 Best Quarterbacks of All Time

Click here to take the quiz!

General Stats

  • This quiz has been taken 129 times
  • The average score is 8 of 10

Answer Stats

HintAnswer% Correct
PeytonManning
100%
TomBrady
100%
JoeMontana
96%
DanMarino
91%
BrettFavre
90%
SteveYoung
82%
JohnElway
78%
TerryBradshaw
76%
JohnnyUnitas
70%
RogerStaubach
64%

Score Distribution

Percentile by Number Answered

Percent of People with Each Score

Your Score History

You have not taken this quiz